Rozsypanka literowa - prezydenci Polski - Statystyki

Ogólne statystyki
  • Ten quiz został rozwiązany 5 782 razy
    2 574 od ostatniego zresetowania
  • Średni wynik to 8 z 10
Statystyki odpowiedzi
Prezydent % Poprawnych
Duda
98%
Wałęsa
98%
Kwaśniewski
92%
Komorowski
86%
Kaczyński
83%
Nawrocki
77%
Jaruzelski
76%
Bierut
72%
Mościcki
69%
Wojciechowski
63%
Narutowicz
60%
Nie znaleziono quizów pasujących do podanych kryteriów
Rozkład punktacji
Procent ludzi z każdym wynikiem
Percentyl według liczby udzielonych odpowiedzi
Twoja historia wyników
Nie rozwiązałeś tego quizu od ostatniego zresetowania